Fumando espero

Збережено в:
Бібліографічні деталі
Автор: Pérez, Jorge Ángel
Формат: Книга
Мова:Англійська
Опубліковано: La Habana Letras Cubanas 2003
Теги: Додати тег
Немає тегів, Будьте першим, хто поставить тег для цього запису!

MARC

LEADER 00000nam a2200000 4500
005 20231109163452.0
008 231109b |||||||| |||| 00| 0 eng d
020 |a 9591008449 
040 |c C 
082 |a 863.7 
100 |a Pérez, Jorge Ángel 
245 |a Fumando espero 
260 |a La Habana  |b Letras Cubanas  |c 2003 
942 |2 ddc  |c BK  |n 0 
952 |0 0  |1 0  |2 ddc  |4 0  |6 863_700000000000000_PER_FUM  |7 1  |9 145  |a GE  |b GE  |d 2013-10-26  |l 0  |o 863.7 PER FUM  |p 1471  |r 2023-11-09 16:33:44  |w 2023-11-09  |y BK 
999 |c 123  |d 123